Garancie vkladov a výnosov v kapitalizačných pilieroch dôchodkového systému

Saved in:
Bibliographic Details
Main Author: Bombová, Zuzana
Format: Book Chapter
Language:Slovak
Tags: Add Tag
No Tags, Be the first to tag this record!

MARC

LEADER 00000nla a2200000 4500
001 0160035
005 20240502072758.4
041 0 |a slo 
044 |a SK 
245 1 0 |a Garancie vkladov a výnosov v kapitalizačných pilieroch dôchodkového systému  |c Zuzana Bombová 
100 1 |a Bombová, Zuzana